000 01028cab a2200277 4500
001 ABS48407
008 090401t1993 xxu||||| |||| 00| 0 eng d
035 _a(Sirsi) u66534
041 _aeng
100 _aDean, J.
245 _aBuilt environment conservation
260 _c1993
350 _a0
490 _aThe Planner
_v79(4) April 1993, 13-24(12)
520 _aSeries of articles on issues of current interest in built environment conservation includes an analysis of the concept of conservation; factors which the planner must take into consideration when dealing with conservation; finance available for conservation work concluding with comment on the problems `enhancement` can lead to.
650 _aBUILDING CONSERVATION
650 _aCONSERVATION AREAS
650 _aFUNDING
650 _aGRANTS
650 _aLISTED BUILDINGS
650 _aLOCAL AUTHORITIES
650 _aBUILT ENVIRONMENT-BUILDING MAINTENANCE AND REFURBISHMENT
690 _aCONSERVATION
942 _n0
948 _c04/03/1997
999 _c41567
_d41567